000 00772nam a2200205Ia 4500
003 GCL
008 140319s9999 xx 000 0 ara d
040 _aGCL /
_cGCL
082 0 4 _a210
_bا ت
100 1 _aاحمد شلبى
245 1 0 _aالتشريع والقضاء فى الفكر الاسلامى: مع بحوث واسعة عن مصادر التشريع وبخاصة عن القران الكريم /
_cاحمد شلبى
260 _a[S.N] :
_bمكتبة النهضة المصرية ،
_c1989
300 _a334 ص
490 _aموسوعة الحضارة الاسلامية
_v0
650 0 4 _aالتشريع الاسلامى
650 0 4 _aالقضاء الشرعى
650 0 4 _aالمذاهب الاسلامية
650 0 4 _aالقران
942 _2ddc
_cBK
999 _c31083
_d31083